|
|
|
|
| LEADER |
00000nam0a2200000 4500 |
| 001 |
349491 |
| 005 |
20231102010216.0 |
| 035 |
|
|
|a (RuTPU)RU\TPU\retro\1862
|
| 090 |
|
|
|a 349491
|
| 100 |
|
|
|a 20180530d1963 k y0rusy50 ca
|
| 101 |
0 |
|
|a rus
|
| 102 |
|
|
|a RU
|
| 105 |
|
|
|a a z 001zy
|
| 200 |
1 |
|
|a Объективный анализ метеорологических полей
|e [монография]
|f Л. С. Гандин
|
| 210 |
|
|
|a Ленинград
|c Гидрометеоиздат
|d 1963
|
| 215 |
|
|
|a 287 с.
|c ил.
|
| 320 |
|
|
|a Библиогр.: с. 281-285
|
| 606 |
1 |
|
|a Метеорологические наблюдения
|x Обработка
|2 stltpush
|3 (RuTPU)RU\TPU\subj\66806
|9 82829
|
| 610 |
1 |
|
|a метеорологические поля
|
| 610 |
1 |
|
|a анализ
|
| 610 |
1 |
|
|a вычислительные машины
|
| 610 |
1 |
|
|a корреляционные функции
|
| 610 |
1 |
|
|a интерполяция
|
| 610 |
1 |
|
|a согласование
|
| 610 |
1 |
|
|a автоматизация
|
| 610 |
1 |
|
|a рационализация
|
| 610 |
1 |
|
|a аэромагнитные комплексы
|
| 675 |
|
|
|a 551.501
|v 4
|
| 700 |
|
1 |
|a Гандин
|b Л. С.
|
| 801 |
|
1 |
|a RU
|b 63413507
|c 20180530
|
| 942 |
|
|
|c BK
|